000 01596cam a22003973a 4500
999 _c233698
_d233698
001 19412715
003 Nust
005 20170310105153.0
008 161220s1989 nyu 000 1 eng d
010 _a 2016659059
020 _a9780671637804
_q(pbk.)
020 _a0671637800
_q(pbk.)
020 _a9780671727642
_q(pbk.)
020 _a0671727648
_q(pbk.)
020 _a9780671737610
035 _a(OCoLC)ocm19342529
040 _aXWA
_beng
_cXWA
_dBTCTA
_dBNY
_dKYL
_dMVP
_dHQB
_dXYZ
_dBAKER
_dQJB
_dZE3
_dOCLCQ
_dLF3
_dOCLCQ
_dOCLCO
_dOCLCQ
_dMU3
_dANK
_dOCLCF
_dOCLCO
_dOCLCQ
_dOCLCO
_dOCL
_dOCLCO
_dCD5
_dDLC
042 _alccopycat
050 0 0 _aCPB Box no. 3938 vol. 5
082 _a813.54
_bMCN
100 1 _aMcNaught, Judith.
245 1 2 _aA kingdom of dreams /
_cJudith McNaught.
260 _aNew York :
_bPocket Books,
_c1989.
300 _a438 p. ;
_c18 cm
490 0 _aPocket Books Romance
520 _aAbducted from her covent school, headstrong Scottish beauty Jennifer Merrick does not easily surrender to Royce Westmoreland, Duke of Claymore.
650 0 _aAristocracy (Social class)
_zEngland
_vFiction.
650 0 _aMan-woman relationships
_vFiction.
650 0 _aScotland
_vFiction.
650 0 _aRomantic suspense fiction.
655 7 _aRomantic suspense fiction.
_2gsafd
655 7 _aHistorical fiction.
_2gsafd
655 7 _aLove stories.
_2gsafd
710 2 _aCopyright Paperback Collection (Library of Congress)
_5DLC
906 _a7
_bcbc
_ccopycat
_d2
_encip
_f20
_gy-genrareb
942 _2ddc
_cBK